000
00316cam a2200121ua 4500
020
_a
9788189866419
082
_a
574.0285
_b
HAR/FU
100
_a
Harisha, S .
245
_a
Fundamentals of bioinformatics /
260
_a
New Delhi :
_b
I.K International Publishing House ,
_c
2007.
300
_a
256 ; .
942
_c
BK
999
_c
13345
_d
13345